000 00684nas a2200229 4500
001 BR9507423
003 BR-BrBNA
005 20231205095439.0
007 ta
008 230509b bl.|||p| |||| 00| 00por d
040 _aBR-BrBNA
_bpor
_cBiblioteca Nacional de Agricultura
041 _a(Pt)
072 _aL73
100 1 _aSilva, J.M.L. da
245 1 _aTumor venereo com metastase cerebral em cao
650 _aCao
650 _aTumor
650 _aPenis
773 0 _tArquivos da Escola de Veterinaria da Universidade Rural do Estado de Minas Gerais (Brasil)
_x
_g(1960-1961), v. 13 p. 97-100
_wBR9507423
909 _a202311
_bLúcia
_c55
_dLúcia Elande
942 _2AGRIS
_n0
_cANA
999 _c150733
_d150733